La gestión forestal municipal en América Latina
Salvato in:
| Autore principale: | |
|---|---|
| Natura: | Libro |
| Lingua: | spagnolo |
| Pubblicazione: |
Bogor
CIFOR
2003
|
| Soggetti: | |
| Tags: |
Aggiungi Tag
Nessun Tag, puoi essere il primo ad aggiungerne!!
|
MARC
| LEADER | 00000nam a2200000 a 4500 | ||
|---|---|---|---|
| 001 | UCL0460 | ||
| 003 | CL-VaPUC | ||
| 008 | 030718e20030000IO |||||||||||||||||spa|d | ||
| 020 | |a 9793361050 | ||
| 082 | 0 | 4 | |a 354.55 |b FER |2 21 |
| 100 | 0 | |a Ferroukhi, Lyès |e author |9 477153 | |
| 245 | 1 | 3 | |a La gestión forestal municipal en América Latina |
| 300 | |a 236 p | ||
| 942 | |c BK | ||
| 945 | |d 20030718 00:00:00 |a cmena | ||
| 260 | |a Bogor |b CIFOR |c 2003 | ||
| 650 | 0 | |a Municipalidades |9 255557 | |
| 650 | 0 | |a Gestión ambiental |9 338121 | |
| 650 | 0 | |a Bosques |9 269804 | |
| 651 | 0 | |a América Latina |9 255027 | |
| 583 | |a last modification |c 20130401 10:27:05 |k Rodrigo Vera | ||
| 999 | |c 304328 |d 304326 | ||
| 952 | |0 0 |1 0 |4 0 |6 354_550000000000000_FER_2003 |7 0 |8 A |9 366349 |a BIBING |b BIBING |d 2019-11-21 |i 3921581 |o 354.55 FER 2003 |p 3921581 |r 2025-01-20 |w 2019-11-21 |y BK |k GEO | ||
| 952 | |0 0 |1 0 |4 0 |6 354_550000000000000_FER_2003 |7 0 |8 A |9 366350 |a BIBAGR |b BIBAGR |d 2019-11-21 |i 3921573 |o 354.55 FER 2003 |p 3921573 |r 2025-01-20 |w 2019-11-21 |y BK |k AGR | ||